ARRUPE JESUIT UNIVERSITY

CORONAVIRUS -STOP THE SPREAD - CLEAN,DISINFECT,COVER

Studies in religion and literature, (Record no. 125591)

MARC details
000 -LEADER
fixed length control field 01469cam a2200301 4500
001 - CONTROL NUMBER
control field 1863370
003 - CONTROL NUMBER IDENTIFIER
control field ARRUPE
005 - DATE AND TIME OF LATEST TRANSACTION
control field 20161027112207.0
008 - FIXED-LENGTH DATA ELEMENTS--GENERAL INFORMATION
fixed length control field 760526s1904 enk b 001 0 eng
010 ## - LIBRARY OF CONGRESS CONTROL NUMBER
LC control number 05021022
035 ## - SYSTEM CONTROL NUMBER
System control number (OCoLC)ocm02194344
040 ## - CATALOGING SOURCE
Original cataloging agency DLC
Transcribing agency RRR
Modifying agency OCL
-- ZCU
050 0# - LIBRARY OF CONGRESS CALL NUMBER
Classification number AC8
Item number .L58
300 ## - PHYSICAL DESCRIPTION
Dimensions 23 cm.
100 1# - MAIN ENTRY--PERSONAL NAME
Personal name Lilly, William Samuel,
Dates associated with a name 1840-1919.
9 (RLIN) 27037
245 00 - TITLE STATEMENT
Title Studies in religion and literature,
Statement of responsibility, etc by William Samuel Lilly.
260 ## - PUBLICATION, DISTRIBUTION, ETC. (IMPRINT)
Place of publication, distribution, etc London,
Name of publisher, distributor, etc Chapman & Hall, Ld.,
Date of publication, distribution, etc 1904.
300 ## - PHYSICAL DESCRIPTION
Extent xvi, 320 p.
500 ## - GENERAL NOTE
General note Published from the Fortnightly review, the Pilot, the Nineteenth century, the author's chapters in European history, and his Ancient religion and modern thought.
505 0# - FORMATTED CONTENTS NOTE
Formatted contents note What was Shakespeare's religion?--The mission of Tennyson.--A grand old pagan [Walter Savage Landor]--A French Shakespeare [Honoré de Balzac]--A nineteenth-century Savonarola [Félicité de Lamennais]--Cardinal Wiseman's life and work.--The meaning of Tractarianism.--Concerning ghost stories.--The theory of the ludicrous.
600 10 - SUBJECT ADDED ENTRY--PERSONAL NAME
Personal name Shakespeare, William,
Dates associated with a name 1564-1616.
9 (RLIN) 27038
600 10 - SUBJECT ADDED ENTRY--PERSONAL NAME
Personal name Tennyson, Alfred Tennyson,
Titles and other words associated with a name Baron,
Dates associated with a name 1809-1892.
9 (RLIN) 27039
600 10 - SUBJECT ADDED ENTRY--PERSONAL NAME
Personal name Landor, Walter Savage,
Dates associated with a name 1775-1864.
9 (RLIN) 27040
600 10 - SUBJECT ADDED ENTRY--PERSONAL NAME
Personal name Balzac, Honoré de,
Dates associated with a name 1799-1850.
9 (RLIN) 27041
600 10 - SUBJECT ADDED ENTRY--PERSONAL NAME
Personal name Lamennais, Félicité Robert de,
Dates associated with a name 1782-1854.
9 (RLIN) 27042
600 10 - SUBJECT ADDED ENTRY--PERSONAL NAME
Personal name Wiseman, Nicholas Patrick,
Dates associated with a name 1802-1865.
9 (RLIN) 27043
942 ## - ADDED ENTRY ELEMENTS (KOHA)
Source of classification or shelving scheme Library of Congress Classification
Koha item type Monograph ( Printed materials)
Holdings
Withdrawn status Lost status Source of classification or shelving scheme Damaged status Not for loan Collection code Home library Current library Shelving location Date acquired Total Checkouts Full call number Barcode Date last seen Price effective from Koha item type
    Library of Congress Classification     Main Collection ARRUPE LIBRARY ARRUPE LIBRARY Main Collection 27/10/2016   AC8 .L58 46500010532 27/10/2016 27/10/2016 Monograph ( Printed materials)

 

Arrupe Library. PO Box MP320 Mt Pleasant, Harare, Zimbabwe
263 242 745411|librarian@aju.ac.zw